01011nam a22002537a 4500003000500000005001700005008004100022010001000063011001000073035001100083040000900094100003400103245017600137260004100313300003600354502011200390530003600502650003600538650003500574650002400609650001900633700004100652856006400693CHAP20220817044147.0070425d2007 mx a b r 00110 spa d a93556 a94528 a105120 cCHAP1 aMartínez Bernabe, Julián.10aCostos y competitividad de mango (Mangifera indica L.) en la región de Tierra Caliente Michoacánc/por Julián Martínez Bernabe y Nidia Karen de la Trinidad Pérez aChapingo, Méx. :bEl autor,c2007. a93 h.;bilus.; mapas.; cuadros. aTesis (Ing. Agr. Esp. en Economía Agrícola) -- UACH.División de Ciencias Económico Administrativas. aTambién disponible en línea04aFertilizantesxEfecto en mango.04aMangoxCostos de producción.04aMangoxMichoacán.04aMangoxPlagas.1 aTrinidad Pérez, Nidia Karen de la. 3Finding aiduhttp://10.13.5.2/tesis/105120.pdfzTeclea aqui